000 00919nam a22002177a 4500
999 _c6839
_d6839
003 AR-CdUCM
008 190319b ||||| |||| 00| 0 spa d
040 _aMUNICIPALIDAD PROVINCIAL DEL CUSCO
_cBIBLIOTECA MUNICIPAL DEL CUSCO
041 _hfr.
082 _a541.2 /
_bA58
100 _aAgelopoulos, Angelos
_919263
245 _a¿Unirá el átoma al mundo? :
_bAspectos económicos, sociales y políticos /
260 _aMéxico, D.F :
_bEdit. Grijalbo,
_c1956.
300 _a250 paginas ;
_c21 cm.
505 _aContenido :Nuevos aspectos del problema mundial de la energía --Del átomo para la guerra del átomo para la paz --La competencia entre los dos bloques, factor de progreso --Algunas naciones elementales sobre energía nuclear ...
650 _aEnergía nuclear
_919264
650 _aAspectos económicos
_9261
700 _aRafael de Buen (traductor)
_918433
942 _2ddc
_cLIBROS
945 _arjall